Outsourcing integrovaných podnikových informačných systémov a informačných technológií na Slovensku

Článok definuje poskytovateľa aplikačných služieb, poukazuje na typy a možné výhody využívania outsourcingu integrovaných podnikových informačných systémov a informačných technológií (IPIS/IT) a s nimi spojené problémy a riziká. V článku je analyzovaná úroveň využívania outsourcingu IPIS/IT v sloven...

Descripción completa

Guardado en:
Detalles Bibliográficos
Autor principal: Čarnický, Štefan
Otros Autores: Sudzina, František
Formato: Capítulo de libro
Lenguaje:eslovaco
Materias:
Etiquetas: Agregar Etiqueta
Sin Etiquetas, Sea el primero en etiquetar este registro!

MARC

LEADER 00000naa$a2200000$$$4500
001 0035054
005 20240502071446.7
041 0 |a slo 
044 |a SK 
245 1 0 |a Outsourcing integrovaných podnikových informačných systémov a informačných technológií na Slovensku  |c Štefan Čarnický, František Sudzina 
520 |a Článok definuje poskytovateľa aplikačných služieb, poukazuje na typy a možné výhody využívania outsourcingu integrovaných podnikových informačných systémov a informačných technológií (IPIS/IT) a s nimi spojené problémy a riziká. V článku je analyzovaná úroveň využívania outsourcingu IPIS/IT v slovenských podnikoch podľa stability prostredia a počtu zamestnancov. Následne sú porovnané výsledky s výskumom firmy Accenture uskutočneného v USA v podnikoch z rebríčka Fortune 1000. 
610 2 0 |a systémy informačné podnikové 
610 2 0 |a technológie informačné 
610 2 0 |a outsourcing 
610 2 0 |a výskum 
610 2 0 |a Slovensko 
100 1 |a Čarnický, Štefan 
700 1 |a Sudzina, František